Introducing human rights : (Record no. 65905)

MARC details
000 -LEADER
fixed length control field 00588nam a22001457a 4500
005 - DATE AND TIME OF LATEST TRANSACTION
control field 20120501135040.0
020 ## - INTERNATIONAL STANDARD BOOK NUMBER
International Standard Book Number 0195681479
Terms of availability 225.00
035 ## - SYSTEM CONTROL NUMBER
System control number B-225895
037 ## - SOURCE OF ACQUISITION
Stock number DPL
Source of stock number/acquisition ENG
245 ## - TITLE STATEMENT
Title Introducing human rights :
Remainder of title An overview including issues of gender justice, environmental and consumer law /
Statement of responsibility, etc by South Asia Human Rights Documentation Centre
260 ## - PUBLICATION, DISTRIBUTION, ETC. (IMPRINT)
Place of publication, distribution, etc New Delhi
Name of publisher, distributor, etc Oxford University Press
Date of publication, distribution, etc 2007
300 ## - PHYSICAL DESCRIPTION
Extent xviii, 261p.
Dimensions 20 cms.
942 ## - ADDED ENTRY ELEMENTS (KOHA)
Source of classification or shelving scheme Dewey Decimal Classification
Item type English Books
Classification part 323
Call number suffix INT
Holdings
Withdrawn status Lost status Not for loan Collection code Home library Current library Date acquired Cost, normal purchase price Full call number Barcode Cost, replacement price Koha item type
      Non-fiction Sarojini Nagar Sarojini Nagar 01/05/2012 225.00 323 INT B-225895 225.00 English Books

© Delhi Public Library
Hit Counter
free hit counter